[Event "RUS-The World"]
[Site "Moscow"]
[Date "2002.09.10"]
[Round "8"]
[White "Akopian, Vladimir"]
[Black "Kasparov, Garry"]
[Result "1-0"]
[WhiteElo "2678"]
[BlackElo "2838"]
[PlyCount "50"]
[EventDate "2002.09.08"]
[EventType "rapid"]
[EventRounds "10"]
[EventCountry "RUS"]
[Source "ChessBase"]
[SourceDate "2002.11.12"]
[WhiteTeam "The World"]
[BlackTeam "Russia"]
[BlackTeamCountry "RUS"]

1. e4 c5 2. Nf3 Nc6 3. Bb5 e6 4. O-O Nge7 {A well known position,where white
can choose between several interesting continuations:} 5. b3 (5. c3 $5 {The
most popular move nowdays.} a6 6. Ba4 b5 7. Bc2 Bb7 8. Qe2 d5 9. e5 d4 $132 {
0-1 Grischuk,A-Kasparov,G/Moscow RUS 2002/The Week in Chess 395 (58)}) (5. Nc3
a6 6. Bxc6 Nxc6 7. d4 cxd4 8. Nxd4 Qc7 9. Re1 Bd6 10. Kh1 Nxd4 11. Qxd4 Be5 12.
Qd3 O-O 13. Bg5 b5 $11 {1/2-1/2 Smirin,I-Eljanov,P/Moscow RUS 2002/The Week in
Chess 379 (20)}) (5. d4 $6 cxd4 6. Nxd4 Qb6 7. Be3 $5 Nxd4 8. a4 e5 9. c3 a6
10. cxd4 axb5 11. d5 Qf6 12. Nc3 $44 {[%cal Gc3b5,Gb5c7] 1/2-1/2 Campora,
D-Hatanbaatar,B/Istanbul 2000/EXT 2001 (69)}) (5. Re1 a6 (5... Ng6 6. c3 Bd6 7.
d4 cxd4 8. cxd4 O-O 9. Nc3 $14 {[%csl Gd4,Ge4] 1-0 Nedev,T-Krasenkow,M/
Halkidiki GRE 2002/The Week in Chess 412 (38)}) 6. Bf1 d5 7. exd5 Qxd5 8. Bd3
Ng6 9. Be4 Qd6 10. c3 Be7 11. d4 O-O 12. Be3 cxd4 13. cxd4 Bd7 14. Nc3 $14 {
1-0 Benjamin,J-Hahn,A/Seattle USA 2002/The Week in Chess 374 (32)}) 5... a6 6.
Bxc6 Nxc6 7. Bb2 b5 8. c4 (8. Na3 Nd4 9. c4 Qa5 10. d3 Nxf3+ 11. Qxf3 Bb7 12.
Nc2 Qd2 13. Rac1 Bd6 14. Bxg7 Rg8 15. Bb2 Qh6 $36 {1/2-1/2 Azmaiparashvili,
Z-Almasi,Z/Dos Hermanas 2001/CBM 83 (26)}) 8... bxc4 9. bxc4 Rb8 10. Bc3 d6 (
10... Bb7 {Probably the same like in the text.} 11. d3 d6 12. Na3 e5 13. Nc2
Be7 14. Ne3 O-O 15. Nd5 Nd4 16. Bxd4 cxd4 17. Qa4 $14 {1/2-1/2 Akopian,
V-Eljanov,P/Moscow RUS 2002/The Week in Chess 379 (65)}) (10... Qc7 11. d3 (11.
Na3 f6 $6 12. Nh4 Nd8 13. f4 Be7 14. Nc2 O-O 15. Qh5 Bb7 16. Rae1 Rf7 17. f5
$40 {[%cal Gf1f3,Gf3h3,Ge1e3,Ge3g3] 1-0 Kuzmin,G-Popov,R/Krasnodar 1998/EXT
2000 (25)}) 11... Rg8 $6 12. Nbd2 g5 13. Ne1 Rg6 14. Nc2 Bd6 15. Qh5 {1-0
Shirov,A-Kramnik,V/Frankfurt 1996/EXT 98 (34) And black got nothing but a bad
position.}) 11. Na3 $1 $14 {Very good choise of opening for white.Getting a
slightly better position without any real counter chances for black.} (11. d3
e5 12. Nbd2 Be7 13. Ne1 f5 14. exf5 Bxf5 15. f4 O-O 16. g4 $2 Bd7 $17 {[%csl
Rg1,Rg4] 0-1 Girinath,P-Goloshchapov,A/Calcutta IND 2002/The Week in Chess 384
(32)}) 11... e5 {Unfortunatly it is forced.} 12. Nc2 Be7 13. Ne3 O-O 14. d3 Qe8
{Avoiding 15.Qa4} (14... g6 $5 {[%cal Gf7f5]}) 15. Rb1 (15. Qa4 $2 Nd4 $15)
15... Rxb1 (15... Be6 16. Rxb8 Qxb8 17. Nd5 $14) 16. Qxb1 Bd8 17. Nd2 {[%cal
Gf2f4] The biggest advantage of white is the fact that black doesn't have any
real plan,the only black's active idea is the one which played in the game.....
} g6 18. Nd5 f5 (18... Be6 19. Qb7 a5 20. f4 $16) 19. exf5 gxf5 $2 $16 (19...
Bxf5 $142 20. Ne4 Qd7 {Still not that clear.White is still slightly better,but
black pieces control the important squares.}) 20. f4 $1 {[%csl Rc8,Rd8,Re8,Rf8,
Rg8] White immediatly punishes black for activity and black pieces find
themselves not capble of defending the center.} Rf7 (20... Be6 21. Qe1 $16) 21.
Qe1 {[%cal Ge1e8]} Rg7 (21... Bb7 22. Nf3 e4 23. Nd2 $18) 22. Nf3 Qg6 23. g3
$18 {Black is complitely hopeless.} Rf7 (23... e4 24. Bxg7 Kxg7 25. dxe4 fxe4
26. Nd2 Ba5 27. Qa1+ Kf7 28. f5 $18 {[%cal Gd2e4]}) 24. fxe5 f4 25. exd6 fxg3 (
25... fxg3 26. Qe8+ Rf8 27. Qxf8+ Kxf8 28. Ne5+ $18) 1-0

[Event "RUS-The World"]
[Site "Moscow"]
[Date "2002.09.08"]
[Round "2"]
[White "Shirov, Alexei"]
[Black "Morozevich, Alexander"]
[Result "1-0"]
[WhiteElo "2697"]
[BlackElo "2716"]
[PlyCount "141"]
[EventDate "2002.09.08"]
[EventType "rapid"]
[EventRounds "10"]
[EventCountry "RUS"]
[Source "ChessBase"]
[SourceDate "2002.11.12"]
[WhiteTeam "The World"]
[BlackTeam "Russia"]
[BlackTeamCountry "RUS"]

1. e4 e5 2. Nf3 Nf6 3. Nxe5 d6 4. Nf3 Nxe4 5. Nc3 Nxc3 6. dxc3 Be7 7. Bf4 O-O
8. Qd2 Nd7 9. O-O-O Nc5 10. Kb1 (10. Be3 Be6 $6 11. Kb1 a6 12. Nd4 Bd7 13. f3
Re8 14. h4 Na4 15. Bg5 b5 16. Bd3 Nb6 17. Qf4 c5 (17... f6 18. Qg3 fxg5 19.
hxg5 $40) 18. Nf5 Bxf5 19. Bxf5 d5 20. Rhe1 g6 (20... f6 21. Qh2 $1 fxg5 $140
22. hxg5 g6 23. Be6+ Kh8 24. Qe5+ $18) 21. Bh3 Bxg5 22. hxg5 Re7 23. Bg4 Qe8
24. Rh1 Qf8 25. Qf6 Nd7 26. Bxd7 Rxd7 27. Rxh7 {1-0 Shirov,A-Motylev,A/Moscow
2002/ (27)}) 10... Bf6 11. Be3 b6 12. Nd4 Bb7 13. f3 a6 14. h4 Re8 15. Rh3 {
[%cal Gg2g4]} Bc8 16. Nc6 Qd7 17. Nb4 {[%cal Gb4d5]} Bb7 18. g4 a5 19. Nd3 Nxd3
20. Bxd3 b5 21. Bg5 $1 Be7 22. h5 Bc6 23. Bf5 Qd8 24. Be3 Rb8 25. Qd3 h6 26. f4
b4 27. g5 hxg5 28. h6 $1 bxc3 29. Bh7+ Kf8 30. hxg7+ Kxg7 31. fxg5 $1 Rxb2+ 32.
Ka1 Rb5 33. Qxc3+ Re5 34. Bd4 $18 Bxg5 35. Qxc6 Bf6 36. Qg2+ Kf8 37. Bxe5 Bxe5+
38. c3 Qf6 39. Qf3 Qxf3 40. Rxf3 Ke7 41. Bc2 Rh8 42. Bb3 f6 43. Kb2 c6 44. Ka3
d5 45. c4 dxc4 46. Bxc4 Rh4 47. Bb3 Bd6+ 48. Kb2 a4 49. Bc2 Be5+ 50. Kc1 Rb4
51. Bf5 Rc4+ 52. Kd2 Kd6 53. Ke2+ Kc7 54. Be6 Re4+ 55. Re3 Rb4 56. a3 Rh4 57.
Rh3 Re4+ 58. Kf3 Rf4+ 59. Kg2 Kb6 60. Rb1+ Kc5 61. Rc1+ Kd6 62. Bf7 Rd4 63. Rc4
Rd2+ 64. Kf1 c5 65. Rxa4 Bd4 66. Rf3 Ke5 67. Bg6 Kd5 68. Bd3 Rb2 69. Rf5+ Kc6
70. Ra6+ Kc7 71. Rh5 1-0